000 00315nam a2200121Ia 4500
008 201216s9999 xx 000 0 und d
100 _aCarlisle, Charles (Ed.)
245 0 _a(The) Illustrated Encyclopaedia of Mankind .
260 _aNew York
_bMarshal Cavendish
300 _a2137
490 _vVol. 16
942 _cBK
999 _c6561
_d6561